00431 2200157 4500001002100000005001500021035002000036245008800056100001800144250001700162300002800179260002800207082001100235084001700246650001000263INLIS00000000000095920250320070818 a0010-03250000551 aKamus Lengkap 800 Milyard :bInggris-Indonesia - Indonesia-Inggris /cAndreas Halim0 aAndreas Halim acetakan ke-1 a608 hlm :b- ;c20,5 cm aSurabaya :bFajar Mulya a413.21 a413.21 AND k 4aKamus